[Event "Feffernitz Raika op 13th"]
[Site "Feffernitz"]
[Date "2004.08.15"]
[Round "1"]
[White "Praznik, Anton"]
[Black "Zierott, Gert"]
[Result "1-0"]
[WhiteElo "2274"]
[BlackElo "1820"]
[PlyCount "93"]
[EventDate "2004.08.14"]
[EventType "swiss"]
[EventRounds "9"]
[EventCountry "AUT"]
[SourceTitle "EXT 2005"]
[Source "ChessBase"]
[SourceDate "2004.11.15"]
[SourceVersion "1"]
[SourceVersionDate "2004.11.15"]
[SourceQuality "1"]

1. e4 c5 2. Nf3 Nc6 3. c3 e6 4. d4 cxd4 5. cxd4 d5 6. e5 h6 7. Nc3 Nge7 8. Bd3 a6 9. h4 Bd7 10. Be3 Nb4 11. Bb1 Qa5 12. 0-0 Rc8 13. a3 Nbc6 14. Bd3 Na7 15. b4 Qd8 16. Qb3 Nec6 17. Rac1 Be7 18. h5 b5 19. Bb1 a5 20. Na2 Bg5 21. Bxg5 hxg5 22. g4 f6 23. Bg6+ Kf8 24. Qe3 Qe7 25. Rc5 Be8 26. exf6 gxf6 27. Bb1 axb4 28. axb4 Qd6 29. Re1 Bf7 30. Bd3 Qd7 31. Kf1 Kg7 32. Rc2 Rce8 33. Rce2 e5 34. Bf5 Qd6 35. dxe5 Nxe5 36. Nxe5 Qc7 37. Rc2 Qxe5 38. Qxe5 Rxe5 39. Rc7 Nc6 40. Rxc6 d4 41. Rc7 Rxe1+ 42. Kxe1 Re8+ 43. Kd2 Kf8 44. Rxf7+ Kxf7 45. Bg6+ Kf8 46. Bxe8 Kxe8 47. Kd3 1-0

[Event "Merano Gold Cup 31st"]
[Site "Merano"]
[Date "2003.05.07"]
[Round "7"]
[White "Mathes, Christian"]
[Black "Zierott, Gert"]
[Result "0-1"]
[WhiteElo "1406"]
[BlackElo "1685"]
[PlyCount "70"]
[EventDate "2003.05.??"]
[EventType "swiss"]
[EventRounds "9"]
[EventCountry "ITA"]
[SourceTitle "EXT 2006"]
[Source "ChessBase"]
[SourceDate "2005.11.24"]
[SourceVersion "1"]
[SourceVersionDate "2005.11.24"]
[SourceQuality "1"]

1. d4 d5 2. Nf3 Nf6 3. c4 c6 4. Nc3 Bf5 5. cxd5 cxd5 6. Qb3 b6 7. Bf4 Nc6 8. h3 e6 9. e3 a6 10. a3 b5 11. Qd1 Be7 12. Be2 0-0 13. 0-0 h6 14. b4 Rc8 15. Rc1 Bd6 16. Ne5 Bxe5 17. Bxe5 Nxe5 18. dxe5 Nd7 19. Qd4 f6 20. f4 Qe8 21. Bf3 Rc4 22. Qa7 Qc8 23. Ne2 fxe5 24. fxe5 Nxe5 25. Rfd1 Nxf3+ 26. gxf3 Bxh3 27. Kf2 Rf7 28. Qb6 Qf8 29. f4 Qe7 30. Qxa6 Qh4+ 31. Ng3 Rcxf4+ 32. exf4 Rxf4+ 33. Ke2 Bg4+ 34. Ke1 Qxg3+ 35. Kd2 Qf2+ 0-1

[Event "Merano Gold Cup 31st"]
[Site "Merano"]
[Date "2003.05.04"]
[Round "4"]
[White "Bucher, Rolf"]
[Black "Zierott, Gert"]
[Result "1-0"]
[WhiteElo "2049"]
[BlackElo "1685"]
[PlyCount "77"]
[EventDate "2003.05.??"]
[EventType "swiss"]
[EventRounds "9"]
[EventCountry "ITA"]
[SourceTitle "EXT 2006"]
[Source "ChessBase"]
[SourceDate "2005.11.24"]
[SourceVersion "1"]
[SourceVersionDate "2005.11.24"]
[SourceQuality "1"]

1. c4 c5 2. Nf3 Nc6 3. Nc3 g6 4. g3 Bg7 5. Bg2 d6 6. 0-0 Nf6 7. d3 0-0 8. Bg5 h6 9. Bf4 e5 10. Bd2 Re8 11. Ne1 Bf5 12. e4 Bg4 13. f3 Be6 14. Nd5 Nd4 15. Rb1 Nxd5 16. cxd5 Bd7 17. Be3 f5 18. Qd2 Kh7 19. Nc2 Rf8 20. Rbc1 Qf6 21. f4 Rac8 22. fxe5 dxe5 23. Kh1 Qd6 24. b3 b6 25. Na3 g5 26. Nc4 Qe7 27. Bxd4 exd4 28. exf5 Bxf5 29. Rxf5 Kh8 30. Rcf1 Rce8 31. Rxf8+ Bxf8 32. Be4 Qg7 33. a4 Be7 34. d6 Bd8 35. Qf2 g4 36. Qf5 Bg5 37. Qxg4 Rf8 38. Rxf8+ Qxf8 39. Bf5 1-0

[Event "Merano Gold Cup 31st"]
[Site "Merano"]
[Date "2003.05.01"]
[Round "1"]
[White "Stark, Ingo"]
[Black "Zierott, Gert"]
[Result "1-0"]
[WhiteElo "2096"]
[BlackElo "1685"]
[PlyCount "83"]
[EventDate "2003.05.??"]
[EventType "swiss"]
[EventRounds "9"]
[EventCountry "ITA"]
[SourceTitle "EXT 2006"]
[Source "ChessBase"]
[SourceDate "2005.11.24"]
[SourceVersion "1"]
[SourceVersionDate "2005.11.24"]
[SourceQuality "1"]

1. e4 c5 2. Nf3 Nc6 3. d4 cxd4 4. Nxd4 g6 5. Nc3 Bg7 6. Be3 d6 7. h3 Nf6 8. g4 0-0 9. Bg2 Bd7 10. Qd3 a6 11. Rd1 Rc8 12. 0-0 Ne5 13. Qe2 Nc4 14. Bc1 Qb6 15. g5 Nh5 16. Nd5 Qd8 17. Nf5 Re8 18. Nxg7 Nxg7 19. b3 Nb6 20. Qd2 Nxd5 21. exd5 Nf5 22. Bb2 b5 23. c4 f6 24. Rc1 Nh4 25. Rfe1 Bxh3 26. gxf6 exf6 27. Rxe8+ Qxe8 28. Qc3 Bxg2 29. Qxf6 Nf3+ 30. Kxg2 Ne5 31. Bxe5 Qxe5 32. Qxe5 dxe5 33. Kf3 bxc4 34. bxc4 Kf7 35. c5 Ke7 36. Ke4 Kf6 37. c6 h5 38. d6 Ke6 39. d7 Rf8 40. Rd1 Rf4+ 41. Ke3 Rd4 42. d8Q 1-0

[Event "Wch Seniors 12th"]
[Site "Naumburg"]
[Date "2002.10.21"]
[Round "1"]
[White "Zierott, Gert"]
[Black "Badestein, Hartmut"]
[Result "0-1"]
[WhiteElo "1740"]
[BlackElo "2122"]
[PlyCount "116"]
[EventDate "2002.10.21"]
[EventType "swiss"]
[EventRounds "11"]
[EventCountry "GER"]
[SourceTitle "EXT 2006"]
[Source "ChessBase"]
[SourceDate "2005.11.24"]
[SourceVersion "1"]
[SourceVersionDate "2005.11.24"]
[SourceQuality "1"]

1. d4 Nf6 2. c4 g6 3. Nc3 Bg7 4. Nf3 0-0 5. e4 d6 6. h3 e5 7. d5 Na6 8. Be3 Qe8 9. Be2 Nh5 10. Qd2 f5 11. exf5 gxf5 12. g3 f4 13. gxf4 Nxf4 14. 0-0-0 Kh8 15. Rdg1 Qf7 16. Ng5 Nxe2+ 17. Qxe2 Qf5 18. Nge4 Bd7 19. Rg5 Qf3 20. Rhg1 Qxe2 21. Nxe2 Bh6 22. Rh5 Bxe3+ 23. fxe3 Bf5 24. Ng5 Nc5 25. Ng3 Bg6 26. Rh4 Rf2 27. N3e4 Nxe4 28. Nxe4 Bxe4 29. Rxe4 Rg8 30. Reg4 Rxg4 31. hxg4 Kg7 32. a3 Kg6 33. b3 Kg5 34. Rh1 h6 35. Rh5+ Kg6 36. Rh4 Re2 37. Rh3 Rg2 38. Rh4 Re2 39. Rh3 Rf2 40. Rh4 a5 41. a4 Rg2 42. Rh3 Rxg4 43. Rf3 h5 44. Kd2 h4 45. Ke2 Rg2+ 46. Kf1 Rb2 47. e4 Kg5 48. Rf7 h3 49. Kg1 Rxb3 50. Rxc7 Kf4 51. Rd7 Rb6 52. Rf7+ Kxe4 53. Rf1 Kd4 54. Rf3 Kxc4 55. Rxh3 Kxd5 56. Kf2 Rb2+ 57. Ke1 Kd4 58. Kd1 e4 0-1

[Event "Bad Woerishofen Seniors op 17th"]
[Site "Bad Woerishofen"]
[Date "2001.03.21"]
[Round "7"]
[White "Zierott, Gert"]
[Black "Buesdorf, Konrad"]
[Result "1-0"]
[WhiteElo "1740"]
[BlackElo "1900"]
[PlyCount "37"]
[EventDate "2001.03.??"]
[EventType "swiss"]
[EventRounds "9"]
[EventCountry "GER"]
[SourceTitle "EXT 2002"]
[Source "ChessBase"]
[SourceDate "2001.11.25"]
[SourceVersion "1"]
[SourceVersionDate "2001.11.25"]
[SourceQuality "1"]

1. d4 d5 2. c4 dxc4 3. e4 c6 4. Bxc4 e6 5. Nf3 Be7 6. Nc3 Nf6 7. 0-0 Nbd7 8. Be3 0-0 9. a4 b6 10. Qc2 h6 11. Rfd1 Bb7 12. d5 cxd5 13. exd5 exd5 14. Nxd5 Nxd5 15. Bxd5 Rc8 16. Qf5 Rb8 17. Qf4 Bxd5 18. Rxd5 Nf6 19. Rxd8 1-0

[Event "Bad Woerishofen Seniors op 17th"]
[Site "Bad Woerishofen"]
[Date "2001.03.18"]
[Round "4"]
[White "Michalowski, Richard"]
[Black "Zierott, Gert"]
[Result "1/2-1/2"]
[WhiteElo "1616"]
[BlackElo "1740"]
[PlyCount "49"]
[EventDate "2001.03.??"]
[EventType "swiss"]
[EventRounds "9"]
[EventCountry "GER"]
[SourceTitle "EXT 2002"]
[Source "ChessBase"]
[SourceDate "2001.11.25"]
[SourceVersion "1"]
[SourceVersionDate "2001.11.25"]
[SourceQuality "1"]

1. c4 c5 2. Nc3 Nc6 3. g3 g6 4. Bg2 Bg7 5. e3 d6 6. Nge2 Nf6 7. 0-0 0-0 8. d4 cxd4 9. exd4 a6 10. h3 Bd7 11. Be3 Qc7 12. Rc1 Rfd8 13. Qd2 e5 14. Nd5 Qa5 15. b4 Qa4 16. Nec3 Qa3 17. Nb1 Qa4 18. Nb6 Qxb4 19. Nxa8 Qxd2 20. Bxd2 Rxa8 21. dxe5 dxe5 22. Bc3 Be6 23. Bd2 Nd4 24. Rfe1 e4 25. g4 1/2-1/2

[Event "Bad Woerishofen Seniors op 17th"]
[Site "Bad Woerishofen"]
[Date "2001.03.17"]
[Round "3"]
[White "Zierott, Gert"]
[Black "Helmsen, Franz"]
[Result "0-1"]
[WhiteElo "1740"]
[BlackElo "2159"]
[PlyCount "142"]
[EventDate "2001.03.??"]
[EventType "swiss"]
[EventRounds "9"]
[EventCountry "GER"]
[SourceTitle "EXT 2002"]
[Source "ChessBase"]
[SourceDate "2001.11.25"]
[SourceVersion "1"]
[SourceVersionDate "2001.11.25"]
[SourceQuality "1"]

1. d4 Nf6 2. c4 e6 3. Nc3 Bb4 4. Nf3 0-0 5. a3 Bxc3+ 6. bxc3 d6 7. Qc2 Nbd7 8. e4 e5 9. Be2 Re8 10. Bg5 h6 11. Bxf6 Nxf6 12. Nd2 Qe7 13. f3 Nh5 14. g3 Qg5 15. 0-0-0 Qe3 16. Qd3 Qxd3 17. Bxd3 g6 18. Rdf1 Ng7 19. d5 Bd7 20. g4 Rf8 21. h3 h5 22. Rhg1 Kh7 23. f4 f6 24. Be2 Rae8 25. Rf2 exf4 26. Rxf4 Re7 27. Rgf1 hxg4 28. hxg4 Ne8 29. R4f2 Kg7 30. g5 Ref7 31. Rh2 Rh8 32. gxf6+ Rxf6 33. Rxh8 Kxh8 34. Nf3 Kg7 35. Rg1 Rf4 36. Ng5 Nf6 37. Bd3 Rg4 38. Rxg4 Nxg4 39. Kd2 Ne5 40. Be2 Kh6 41. Ne6 Bxe6 42. dxe6 Kg7 43. Ke3 Kf6 44. Kf4 g5+ 45. Ke3 Kxe6 46. Kd4 Nc6+ 47. Ke3 Ke5 48. Bd3 Nd8 49. Be2 Ne6 50. Bd1 Nc5 51. Bc2 b6 52. Kf3 Nd7 53. Kg4 Kf6 54. Bb3 Ne5+ 55. Kg3 Kg6 56. Ba2 a5 57. Bb3 Kf6 58. Ba2 Ke7 59. Bb3 Kd8 60. Kg2 Kc8 61. Kg3 Kb7 62. c5 dxc5 63. c4 Kc6 64. Ba4+ Kd6 65. Bb3 c6 66. a4 Nf7 67. Kf3 Ke5 68. Ke3 g4 69. Bd1 g3 70. Kf3 Nd6 71. Kxg3 Nxe4+ 0-1

[Event "Bad Woerishofen Seniors op 17th"]
[Site "Bad Woerishofen"]
[Date "2001.03.16"]
[Round "2"]
[White "Zierott, Gert"]
[Black "Malin, Klaus"]
[Result "1-0"]
[WhiteElo "1740"]
[BlackElo "1616"]
[PlyCount "117"]
[EventDate "2001.03.??"]
[EventType "swiss"]
[EventRounds "9"]
[EventCountry "GER"]
[SourceTitle "EXT 2002"]
[Source "ChessBase"]
[SourceDate "2001.11.25"]
[SourceVersion "1"]
[SourceVersionDate "2001.11.25"]
[SourceQuality "1"]

1. d4 d5 2. c4 c6 3. Nc3 Nf6 4. e3 Bf5 5. Nf3 e6 6. c5 h6 7. b4 Be7 8. Bd3 Bxd3 9. Qxd3 0-0 10. 0-0 Nbd7 11. Bd2 Qc7 12. Rab1 e5 13. dxe5 Nxe5 14. Nxe5 Qxe5 15. h3 Rfd8 16. Ne2 Ne4 17. Bc1 Qc7 18. Nd4 Bf6 19. Bb2 Re8 20. Nf3 Bxb2 21. Rxb2 Re7 22. Nd4 Rae8 23. Re2 Qe5 24. Nf3 Qf6 25. Kh2 Qe6 26. Nd4 Qe5+ 27. g3 Qc7 28. Rg1 Ng5 29. h4 Ne4 30. f3 Nf6 31. Nf5 Re5 32. Nd6 R8e7 33. Qd4 Ne8 34. f4 R5e6 35. Nf5 Rd7 36. g4 Re4 37. Qb2 Kh7 38. g5 h5 39. Ng3 Re6 40. Nxh5 Rde7 41. Qc3 Re4 42. Kh1 R7e6 43. Ng3 Rc4 44. Qd3+ g6 45. f5 Rxh4+ 46. Rh2 Rxh2+ 47. Kxh2 Re4 48. Kh3 Rxb4 49. Rh1 Qe5 50. Qf1 gxf5 51. Nxf5 Kg6 52. Nh4+ Kg7 53. Nf5+ Kf8 54. Qf3 Ng7 55. Nd6 Qe6+ 56. Kg3 Ke7 57. Rh6 Qe5+ 58. Kh3 Qxg5 59. Qxf7+ 1-0